Tickled pink / (Record no. 3207)

MARC details
000 -LEADER
fixed length control field 00815cam a22002657a 4500
005 - DATE AND TIME OF LATEST TRANSACTION
control field 20250507105225.0
020 ## - INTERNATIONAL STANDARD BOOK NUMBER
International Standard Book Number 9780061928772 (pbk. bdg.)
040 ## - CATALOGING SOURCE
Original cataloging agency DLC
Transcribing agency DLC
Language of cataloging eng
050 00 - LIBRARY OF CONGRESS CALL NUMBER
Classification number PZ7.K12774
082 ## - DEWEY DECIMAL CLASSIFICATION NUMBER
Classification number 813.54
100 1# - MAIN ENTRY--PERSONAL NAME
Personal name Kann, Victoria
245 10 - TITLE STATEMENT
Title Tickled pink /
Statement of responsibility, etc. Kann, Victoria
250 ## - EDITION STATEMENT
Edition statement First edition
260 ## - PUBLICATION, DISTRIBUTION, ETC.
Place of publication, distribution, etc. New York :
Name of publisher, distributor, etc. HarperFestival,
Date of publication, distribution, etc. 2010
300 ## - PHYSICAL DESCRIPTION
Extent 24 unnumbered pages :
Other physical details color illustration ;
Dimensions 21 cm.
490 0# - SERIES STATEMENT
Series statement Pinkalicious
505 ## - FORMATTED CONTENTS NOTE
Formatted contents note G <br/>
520 ## - SUMMARY, ETC.
Summary, etc. When Tiffany challenges her to a laugh-off, Pinkalicious is determined to come up with the all-time funniest joke.
521 ## - TARGET AUDIENCE NOTE
Target audience note 400 <br/>
Source Lexile <br/>
521 ## - TARGET AUDIENCE NOTE
Target audience note G <br/>
Source Raz-Plus <br/>
650 ## - SUBJECT ADDED ENTRY--TOPICAL TERM
Topical term or geographic name entry element pink
Form subdivision fiction
906 ## - LOCAL DATA ELEMENT F, LDF (RLIN)
a 7
b cbc
c orignew
d 4
e epcn
f 20
g y-gencatlg
942 ## - ADDED ENTRY ELEMENTS (KOHA)
Source of classification or shelving scheme Dewey Decimal Classification
Koha item type Books
Suppress in OPAC No
999 ## -
-- 3207
-- 3207
Holdings
Withdrawn status Lost status Source of classification or shelving scheme Damaged status Not for loan Collection Home library Current library Shelving location Date acquired Total Checkouts Full call number Barcode Date last seen Date last checked out Price effective from Koha item type Copy number
    Dewey Decimal Classification     Juvenile Fiction Footprints International School Library Network Toul Tom Poung Campus Footprints International School Library Network Toul Tom Poung Campus TTP Primary Dark Blue Bookshelves 02/19/2024 1 KAN 813.54 PZ7.K12774 FISTK03909 03/12/2024 03/05/2024 02/19/2024 Books  
    Dewey Decimal Classification     Juvenile Fiction Footprints International School Library Network Toul Tom Poung Campus Footprints International School Library Network Toul Tom Poung Campus TTP Primary Dark Blue Bookshelves 05/07/2025   KAN 813.54 PZ7.K12774 2025-1176 05/07/2025   05/07/2025 Books 2